[Event "Moscow Aeroflot op-A"]
[Site "Moscow"]
[Date "2020.02.25"]
[Round "7"]
[White "Karthikeyan, Murali"]
[Black "Sethuraman, SP."]
[Result "1/2-1/2"]
[WhiteElo "2602"]
[BlackElo "2641"]
[PlyCount "143"]
[EventDate "2020.02.19"]
[EventType "swiss"]
[EventRounds "9"]
[EventCountry "RUS"]
[SourceTitle "CBM 195"]
[Source "ChessBase"]
[SourceDate "2020.04.30"]
[SourceVersion "1"]
[SourceVersionDate "2020.04.30"]
[SourceQuality "1"]

1. e4 c5 2. Nf3 d6 3. d4 cxd4 4. Nxd4 Nf6 5. Nc3 a6 6. Be2 e5 7. Nb3 Be7 8. Be3
Be6 9. O-O O-O 10. Bf3 Nbd7 11. a4 Qc7 12. Re1 Rfc8 13. a5 b5 14. axb6 Nxb6 15.
Na5 Nc4 16. Nxc4 Bxc4 17. Qd2 Rab8 18. Reb1 h6 19. h3 Qc6 20. Ra4 Bd8 21. Ra3
a5 22. Qe1 Be6 23. Bd2 Bb6 24. Na4 Bd4 25. c3 Ba7 26. b4 Qc7 27. Raa1 axb4 28.
cxb4 Bd4 29. Rc1 Qb7 30. Nc3 Bd7 31. b5 Bxb5 32. Rab1 Bxc3 33. Rxc3 Rxc3 34.
Bxc3 Qc7 35. Ba5 Qc6 36. Rc1 Qa6 37. Ra1 Ra8 38. Bc3 Qc6 39. Rxa8+ Qxa8 40. Bb4
Qc6 41. Qd2 Ne8 42. Kh2 Ba4 43. Qa2 Bb5 44. Qd2 Ba6 45. Bd1 Qxe4 46. Ba4 Nf6
47. f3 Qc4 48. Qxd6 Nd5 49. Bc2 Qxc2 50. Qxd5 Bf1 51. Qd2 Qc4 52. Qc3 Qe6 53.
Qe1 Bc4 54. f4 exf4 55. Qxe6 Bxe6 56. Bd2 g5 57. h4 f6 58. hxg5 fxg5 59. g3
fxg3+ 60. Kxg3 Kf7 61. Ba5 Kg6 62. Bd8 h5 63. Be7 h4+ 64. Kf2 Kh5 65. Bd8 g4
66. Bc7 Kg5 67. Bd8+ Kh5 68. Bc7 Kg6 69. Bb8 Kf5 70. Bc7 g3+ 71. Bxg3 hxg3+ 72.
Kxg3 1/2-1/2

[Event "Moscow Aeroflot op-A"]
[Site "Moscow"]
[Date "2020.02.25"]
[Round "7"]
[White "Kovalev, Vladislav"]
[Black "Visakh, NR."]
[Result "1-0"]
[WhiteElo "2650"]
[BlackElo "2518"]
[PlyCount "95"]
[EventDate "2020.02.19"]
[EventType "swiss"]
[EventRounds "9"]
[EventCountry "RUS"]
[SourceTitle "CBM 195"]
[Source "ChessBase"]
[SourceDate "2020.04.30"]
[SourceVersion "1"]
[SourceVersionDate "2020.04.30"]
[SourceQuality "1"]

1. e4 c5 2. Nc3 d6 3. Bb5+ Bd7 4. Bxd7+ Qxd7 5. f4 g6 6. Nf3 Bg7 7. O-O Nc6 8.
d3 Nf6 9. Kh1 O-O 10. Be3 b5 11. Qe1 b4 12. Nd1 c4 13. Nf2 cxd3 14. cxd3 e5 15.
fxe5 dxe5 16. Rc1 Rfc8 17. Qd1 Qb7 18. Qa4 Nd7 19. Rc4 Nb6 20. Qb5 Rab8 21. Rc2
Qa8 22. Qa6 b3 23. axb3 Nd4 24. Rc3 Nd7 25. b4 Rc6 26. Qa4 Nb6 27. Qa2 Rbc8 28.
Ng4 Nxf3 29. Rxf3 Qb7 30. Qb3 h5 31. Nh6+ Bxh6 32. Bxh6 Qe7 33. Rf1 Qe6 34. Qc2
Nd7 35. Rc1 Rxc3 36. bxc3 a5 37. bxa5 Qa6 38. Ra1 Nc5 39. d4 Nb7 40. Qa4 Ra8
41. Qb4 Nd6 42. dxe5 Nc4 43. Qe7 Qe6 44. Qxe6 fxe6 45. a6 Kf7 46. a7 Ke7 47.
Bf4 Kd7 48. Ra6 1-0

[Event "Moscow Aeroflot op-A"]
[Site "Moscow"]
[Date "2020.02.25"]
[Round "7"]
[White "Kulaots, Kaido"]
[Black "Sreeshwan, Maralakshikari"]
[Result "1-0"]
[WhiteElo "2510"]
[BlackElo "2440"]
[PlyCount "125"]
[EventDate "2020.02.19"]
[EventType "swiss"]
[EventRounds "9"]
[EventCountry "RUS"]
[SourceTitle "CBM 195"]
[Source "ChessBase"]
[SourceDate "2020.04.30"]
[SourceVersion "1"]
[SourceVersionDate "2020.04.30"]
[SourceQuality "1"]

1. d4 d5 2. c4 c6 3. Nc3 Nf6 4. Nf3 e6 5. e3 Nbd7 6. Qc2 b6 7. Bd3 Bb7 8. O-O
Be7 9. Rd1 O-O 10. b3 h6 11. Bb2 Qc7 12. Rac1 Rac8 13. Qe2 Qb8 14. Bb1 Rfd8 15.
Ne5 Nf8 16. f4 c5 17. f5 cxd4 18. exd4 Re8 19. Rf1 Rcd8 20. fxe6 Nxe6 21. Nxd5
Bxd5 22. cxd5 Rxd5 23. Qc2 Nxd4 24. Bxd4 Rxe5 25. Bxe5 Qxe5 26. Qf5 Bc5+ 27.
Kh1 Qb8 28. Rce1 Bd4 29. Bd3 Rxe1 30. Rxe1 g6 31. Qf3 Kg7 32. a4 Qc7 33. Bc4 a5
34. Rf1 Qe7 35. g4 g5 36. Kg2 Bc5 37. Qf5 Qd6 38. Qf3 Qe7 39. Rd1 Bd6 40. Rd2
Bc5 41. h3 Qe1 42. Rd1 Qe7 43. Kf1 Bd6 44. Re1 Qc7 45. Re2 Bc5 46. Ke1 Qd7 47.
Qd3 Qc7 48. Kd1 Qf4 49. Kc2 Qf1 50. Qg3 Qa1 51. Qe1 Qd4 52. Qh1 Qd7 53. Qf3 Qc7
54. Qf5 Bd4 55. h4 Nh7 56. Rd2 Bf6 57. Qd7 Qxd7 58. Rxd7 gxh4 59. Rxf7+ Kh8 60.
Bd3 Bg7 61. Rb7 h3 62. Rxb6 h2 63. Be4 1-0

[Event "Moscow Aeroflot op-A"]
[Site "Moscow"]
[Date "2020.02.25"]
[Round "7"]
[White "Lazavik, Denis"]
[Black "Kozak, Adam"]
[Result "0-1"]
[WhiteElo "2428"]
[BlackElo "2523"]
[PlyCount "110"]
[EventDate "2020.02.19"]
[EventType "swiss"]
[EventRounds "9"]
[EventCountry "RUS"]
[SourceTitle "CBM 195"]
[Source "ChessBase"]
[SourceDate "2020.04.30"]
[SourceVersion "1"]
[SourceVersionDate "2020.04.30"]
[SourceQuality "1"]

1. d4 Nf6 2. c4 e6 3. Nf3 c5 4. d5 exd5 5. cxd5 d6 6. Nc3 g6 7. g3 Bg7 8. Bg2
O-O 9. O-O Re8 10. Nd2 a6 11. a4 Nbd7 12. h3 Rb8 13. Nc4 Ne5 14. Na3 Nh5 15. e4
Bd7 16. a5 b5 17. axb6 Bb5 18. Naxb5 axb5 19. Nxb5 Qxb6 20. Na3 Qb3 21. Qxb3
Rxb3 22. Nc2 Nd3 23. Ra6 Nxc1 24. Rxc1 Rxb2 25. Ne3 Bd4 26. Rc2 Reb8 27. Rxb2
Rxb2 28. Rxd6 Nxg3 29. fxg3 Bxe3+ 30. Kh2 Rb1 31. h4 Bg1+ 32. Kh3 Rb3 33. Rf6
Bd4 34. Rf3 c4 35. Rxb3 cxb3 36. Bf1 h5 37. g4 Kg7 38. gxh5 gxh5 39. Bc4 b2 40.
Bd3 Kf6 41. Kg3 Ke5 42. Bb1 Bc5 43. Kf3 Be7 44. Kg3 Bd8 45. Bc2 Be7 46. Bb1 Bf6
47. Kf3 Bxh4 48. Kg2 Kf4 49. Kh3 Be1 50. Bc2 h4 51. Bb1 Bg3 52. Bc2 Ke3 53. e5
Bxe5 54. Kxh4 Bf6+ 55. Kh5 Kd2 0-1

[Event "Moscow Aeroflot op-A"]
[Site "Moscow"]
[Date "2020.02.25"]
[Round "7"]
[White "Maghsoodloo, Parham"]
[Black "Aleksandrov, Aleksej"]
[Result "1/2-1/2"]
[WhiteElo "2674"]
[BlackElo "2592"]
[PlyCount "83"]
[EventDate "2020.02.19"]
[EventType "swiss"]
[EventRounds "9"]
[EventCountry "RUS"]
[SourceTitle "CBM 195"]
[Source "ChessBase"]
[SourceDate "2020.04.30"]
[SourceVersion "1"]
[SourceVersionDate "2020.04.30"]
[SourceQuality "1"]

1. Nf3 Nf6 2. g3 b5 3. Bg2 Bb7 4. O-O e6 5. d3 c5 6. e4 d6 7. e5 dxe5 8. a4 b4
9. Nxe5 Bxg2 10. Kxg2 Qd5+ 11. Qf3 Qxf3+ 12. Kxf3 Be7 13. Be3 Nfd7 14. Nc4 Nc6
15. Nbd2 O-O 16. Ke2 Rfd8 17. a5 Nde5 18. a6 Rd5 19. Nb3 Rc8 20. f4 Ng4 21. Bg1
Rh5 22. h4 Rd5 23. c3 h5 24. Nba5 Nxa5 25. Nxa5 bxc3 26. bxc3 Nh6 27. Nb7 Nf5
28. Bf2 Bf6 29. Rfc1 e5 30. c4 Nd4+ 31. Bxd4 Rxd4 32. Ra5 exf4 33. Nxc5 Bd8 34.
Nb3 Bxa5 35. Nxd4 fxg3 36. Nb5 Rc6 37. c5 g2 38. d4 Rxa6 39. Rg1 Rg6 40. Nxa7
Kf8 41. Kf3 Bd8 42. d5 1/2-1/2

[Event "Moscow Aeroflot op-A"]
[Site "Moscow"]
[Date "2020.02.25"]
[Round "7"]
[White "Makarian, Rudik"]
[Black "Lobanov, Sergei"]
[Result "1-0"]
[WhiteElo "2414"]
[BlackElo "2507"]
[PlyCount "113"]
[EventDate "2020.02.19"]
[EventType "swiss"]
[EventRounds "9"]
[EventCountry "RUS"]
[SourceTitle "CBM 195"]
[Source "ChessBase"]
[SourceDate "2020.04.30"]
[SourceVersion "1"]
[SourceVersionDate "2020.04.30"]
[SourceQuality "1"]

1. Nf3 d5 2. d4 Nf6 3. c4 e6 4. Nc3 Be7 5. Bf4 O-O 6. e3 c5 7. dxc5 Bxc5 8. Qc2
Nc6 9. a3 Qa5 10. Rd1 Be7 11. Be2 Ne4 12. cxd5 Nxc3 13. bxc3 exd5 14. O-O Bf6
15. c4 dxc4 16. Bxc4 Bf5 17. Qa2 Bg6 18. Rd7 Qc3 19. Bd5 Ne7 20. Bd6 Nxd5 21.
Bxf8 Nxe3 22. fxe3 Rxf8 23. Rxb7 Qxe3+ 24. Kh1 h6 25. Qb3 Qxb3 26. Rxb3 Rc8 27.
h3 a5 28. Rd1 Rc4 29. Rd5 Ra4 30. Ne5 Be4 31. Rc5 Rd4 32. Rxa5 Bg5 33. Nf3 Rd1+
34. Kh2 Bf4+ 35. g3 Bd6 36. Kg2 Rd2+ 37. Kf1 Ra2 38. g4 Bg3 39. Ne1 Bd6 40. Re3
Bb7 41. Rd3 Bf4 42. Rb3 Bd2 43. Rc5 Ba6+ 44. Nd3 Bg5 45. Rc6 Bxd3+ 46. Rxd3 Kh7
47. Ra6 Bh4 48. Rf3 f6 49. Ra7 Kg6 50. Ra5 Bg5 51. Ra7 h5 52. gxh5+ Kh6 53. Rg3
f5 54. Ra8 Kxh5 55. Rh8+ Bh6 56. h4 Ra1+ 57. Kg2 1-0

[Event "Moscow Aeroflot op-A"]
[Site "Moscow"]
[Date "2020.02.25"]
[Round "7"]
[White "Mamedov, Rauf"]
[Black "Sjugirov, Sanan"]
[Result "1/2-1/2"]
[WhiteElo "2643"]
[BlackElo "2674"]
[PlyCount "113"]
[EventDate "2020.02.19"]
[EventType "swiss"]
[EventRounds "9"]
[EventCountry "RUS"]
[SourceTitle "CBM 195"]
[Source "ChessBase"]
[SourceDate "2020.04.30"]
[SourceVersion "1"]
[SourceVersionDate "2020.04.30"]
[SourceQuality "1"]

1. e4 e5 2. Nf3 Nc6 3. Bc4 Bc5 4. c3 Nf6 5. d4 exd4 6. e5 d5 7. Bb5 Ne4 8. cxd4
Bb6 9. Nc3 O-O 10. Be3 Bg4 11. h3 Bh5 12. Qa4 Ne7 13. Bd3 Bg6 14. Qc2 Nxc3 15.
bxc3 Qd7 16. O-O Nf5 17. Rae1 c5 18. dxc5 Nxe3 19. Rxe3 Bxc5 20. Bxg6 hxg6 21.
Rd3 Qc6 22. Qb3 Rfd8 23. Rfd1 Qb6 24. R1d2 Rd7 25. Qxb6 axb6 26. Rxd5 Rxd5 27.
Rxd5 Kf8 28. Rd2 Ra4 29. Kf1 Rc4 30. Rc2 Re4 31. g3 Ke7 32. h4 Ke8 33. c4 Ke7
34. Kg2 Ke8 35. Kg1 Kf8 36. Kf1 Ke7 37. Kg2 Ke8 38. Kh3 Ke7 39. Kh2 Kf8 40. Kh3
Ke7 41. a4 Ke8 42. Kg2 Kf8 43. Kf1 Ke7 44. Ne1 Rxe5 45. Nd3 Rf5 46. a5 Bd4 47.
axb6 Kd6 48. Ra2 Bxb6 49. Ra8 Ra5 50. c5+ Ke7 51. Rc8 Bd8 52. Ne5 f6 53. c6
bxc6 54. Nxc6+ Kd7 55. Rxd8+ Kxc6 56. Ke2 g5 57. hxg5 1/2-1/2

[Event "Moscow Aeroflot op-A"]
[Site "Moscow"]
[Date "2020.02.25"]
[Round "7"]
[White "Mendonca, Leon Luke"]
[Black "Kunin, Vitaly L"]
[Result "0-1"]
[WhiteElo "2418"]
[BlackElo "2550"]
[PlyCount "68"]
[EventDate "2020.02.19"]
[EventType "swiss"]
[EventRounds "9"]
[EventCountry "RUS"]
[SourceTitle "CBM 195"]
[Source "ChessBase"]
[SourceDate "2020.04.30"]
[SourceVersion "1"]
[SourceVersionDate "2020.04.30"]
[SourceQuality "1"]

1. d4 d5 2. Bf4 c5 3. e3 cxd4 4. exd4 Nc6 5. c3 f6 6. Nf3 g5 7. Bg3 Bg7 8. h3
Bf5 9. Bd3 e6 10. O-O Nge7 11. c4 Qd7 12. Nc3 O-O 13. Re1 Rad8 14. Na4 b6 15.
cxd5 Nxd5 16. Nc3 Nce7 17. Bf1 h5 18. Rc1 Bh6 19. Nd2 g4 20. hxg4 hxg4 21. Nde4
Bxc1 22. Qxc1 Nxc3 23. bxc3 Qc6 24. Bd3 Ng6 25. Qh6 Rd7 26. Qe3 Kg7 27. a4 Qxa4
28. Nd6 Bxd3 29. Qxd3 Qa5 30. Qe2 Rh8 31. Qxg4 Re7 32. Qe4 Qxc3 33. d5 exd5 34.
Nf5+ Kf8 0-1

[Event "Moscow Aeroflot op-A"]
[Site "Moscow"]
[Date "2020.02.25"]
[Round "7"]
[White "Moroni, Luca Jr"]
[Black "Durarbayli, Vasif"]
[Result "0-1"]
[WhiteElo "2536"]
[BlackElo "2625"]
[PlyCount "102"]
[EventDate "2020.02.19"]
[EventType "swiss"]
[EventRounds "9"]
[EventCountry "RUS"]
[SourceTitle "CBM 195"]
[Source "ChessBase"]
[SourceDate "2020.04.30"]
[SourceVersion "1"]
[SourceVersionDate "2020.04.30"]
[SourceQuality "1"]

1. d4 d5 2. c4 c6 3. Nf3 Nf6 4. Nc3 e6 5. Qd3 dxc4 6. Qxc4 b5 7. Qd3 a6 8. e4
c5 9. e5 c4 10. Qc2 Nd5 11. a4 Nxc3 12. bxc3 Bb7 13. Qb1 Qd5 14. Be2 Be7 15.
Ba3 Nc6 16. Bxe7 Nxe7 17. axb5 axb5 18. Rxa8+ Bxa8 19. Nd2 Qd7 20. O-O h6 21.
Ne4 Bxe4 22. Qxe4 O-O 23. Bf3 Rb8 24. Rb1 Qa7 25. Qe2 b4 26. Qxc4 bxc3 27.
Rxb8+ Qxb8 28. Be4 Qb2 29. g3 g6 30. Kg2 Nf5 31. Qc8+ Kg7 32. Qd8 Qb4 33. Qf6+
Kg8 34. Qd8+ Kh7 35. Qf6 Qe7 36. Qxe7 Nxe7 37. Kf3 Nc6 38. Ke3 Nb4 39. h4 h5
40. f3 Kg7 41. g4 g5 42. hxg5 h4 43. f4 Nd5+ 44. Kf3 h3 45. f5 h2 46. Kg2 c2
47. Bxc2 Ne3+ 48. Kxh2 Nxc2 49. d5 exd5 50. Kg3 Nd4 51. Kf4 Nc6 0-1

[Event "Moscow Aeroflot op-A"]
[Site "Moscow"]
[Date "2020.02.25"]
[Round "7"]
[White "Murzin, Volodar"]
[Black "Indjic, Aleksandar"]
[Result "0-1"]
[WhiteElo "2442"]
[BlackElo "2622"]
[PlyCount "100"]
[EventDate "2020.02.19"]
[EventType "swiss"]
[EventRounds "9"]
[EventCountry "RUS"]
[SourceTitle "CBM 195"]
[Source "ChessBase"]
[SourceDate "2020.04.30"]
[SourceVersion "1"]
[SourceVersionDate "2020.04.30"]
[SourceQuality "1"]

1. d4 Nf6 2. Nf3 e6 3. Bf4 d5 4. Nbd2 Bd6 5. e3 O-O 6. Bd3 c5 7. c3 Qc7 8. Bxd6
Qxd6 9. O-O Nbd7 10. Re1 e5 11. dxe5 Nxe5 12. Nxe5 Qxe5 13. e4 Bg4 14. exd5
Qxd5 15. Be2 Bxe2 16. Rxe2 Rfe8 17. Rxe8+ Rxe8 18. Nf3 Qf5 19. Qd2 h6 20. Rd1
b6 21. h3 g5 22. Qd3 Re4 23. Qb1 Qe6 24. a3 Re2 25. Re1 Nd5 26. Qd1 Nf4 27.
Rxe2 Nxe2+ 28. Kf1 Nf4 29. Ne1 Qc4+ 30. Kg1 Qe4 31. Kf1 c4 32. f3 Qe3 33. Nc2
Qd3+ 34. Qxd3 Nxd3 35. Ke2 Nxb2 36. Ke3 f5 37. Kd4 f4 38. Nb4 Kg7 39. Nc6 a6
40. Ne7 b5 41. Nd5 Kg6 42. Nc7 Kh5 43. Nxa6 Kh4 44. Nc7 Kg3 45. Nxb5 Kxg2 46.
Ke4 Na4 47. Nd6 Nxc3+ 48. Kd4 Na4 49. Kxc4 Kxf3 50. Kb5 Nb2 0-1

[Event "Moscow Aeroflot op-A"]
[Site "Moscow"]
[Date "2020.02.25"]
[Round "7"]
[White "Nesterov, Arseniy"]
[Black "Kobalia, Mihail"]
[Result "1/2-1/2"]
[WhiteElo "2501"]
[BlackElo "2609"]
[PlyCount "91"]
[EventDate "2020.02.19"]
[EventType "swiss"]
[EventRounds "9"]
[EventCountry "RUS"]
[SourceTitle "CBM 195"]
[Source "ChessBase"]
[SourceDate "2020.04.30"]
[SourceVersion "1"]
[SourceVersionDate "2020.04.30"]
[SourceQuality "1"]

1. d4 d5 2. c4 e6 3. Nf3 a6 4. Bg5 Be7 5. Bxe7 Nxe7 6. e3 O-O 7. Nbd2 Nd7 8.
Rc1 b6 9. cxd5 Nxd5 10. Be2 Bb7 11. O-O c5 12. Nc4 Qe7 13. Nfe5 Rad8 14. Nxd7
Rxd7 15. Bf3 cxd4 16. Ne5 Rdd8 17. Qxd4 f6 18. Nc4 Nb4 19. Qxb6 Bxf3 20. gxf3
Nxa2 21. Rcd1 Nb4 22. Rxd8 Rxd8 23. Na5 Rd5 24. Nc6 Qd6 25. Qxb4 Rg5+ 26. Kh1
Qxc6 27. Qb8+ Kf7 28. Qa7+ Kg6 29. e4 Qb5 30. Rg1 Qe2 31. Rxg5+ fxg5 32. Kg2 g4
33. fxg4 Qxg4+ 34. Kf1 Qh3+ 35. Kg1 Qd3 36. Qb7 Qb5 37. Qc8 Qxb2 38. Qxe6+ Qf6
39. Qe8+ Kg5 40. Qb8 Qf4 41. Qb7 Qf6 42. Qc7 Kg4 43. Qg3+ Kh5 44. Kf1 Qa1+ 45.
Kg2 Qf6 46. Kf1 1/2-1/2

[Event "Moscow Aeroflot op-A"]
[Site "Moscow"]
[Date "2020.02.25"]
[Round "7"]
[White "Paravyan, David"]
[Black "Vaibhav, Suri"]
[Result "1-0"]
[WhiteElo "2629"]
[BlackElo "2591"]
[PlyCount "75"]
[EventDate "2020.02.19"]
[EventType "swiss"]
[EventRounds "9"]
[EventCountry "RUS"]
[SourceTitle "CBM 195"]
[Source "ChessBase"]
[SourceDate "2020.04.30"]
[SourceVersion "1"]
[SourceVersionDate "2020.04.30"]
[SourceQuality "1"]

1. e4 c5 2. Nf3 d6 3. d4 cxd4 4. Nxd4 Nf6 5. Nc3 a6 6. Bg5 Nbd7 7. Bc4 Qb6 8.
Bb3 e6 9. f4 Be7 10. f5 Nc5 11. Qf3 Ncxe4 12. Nxe4 Qxd4 13. Bxf6 gxf6 14. c3
Qe5 15. O-O-O Bd7 16. fxe6 Bc6 17. exf7+ Kd8 18. Rhe1 f5 19. Nxd6 Bg5+ 20. Kc2
Bxf3 21. Rxe5 Bxd1+ 22. Kxd1 Kc7 23. Nxf5 Rad8+ 24. Ke2 Kb8 25. h4 Bc1 26. Ng7
Bxb2 27. Re8 Ba3 28. g4 h6 29. g5 hxg5 30. hxg5 Ka7 31. Rxd8 Rxd8 32. Ne6 Rd6
33. g6 Rxe6+ 34. Bxe6 Bf8 35. Kd3 Kb8 36. Ke4 Kc7 37. Kf5 Bg7 38. Bd5 1-0

[Event "Moscow Aeroflot op-A"]
[Site "Moscow"]
[Date "2020.02.25"]
[Round "7"]
[White "Puranik, Abhimanyu Sameer"]
[Black "Zanan, Evgeny"]
[Result "1/2-1/2"]
[WhiteElo "2597"]
[BlackElo "2500"]
[PlyCount "90"]
[EventDate "2020.02.19"]
[EventType "swiss"]
[EventRounds "9"]
[EventCountry "RUS"]
[SourceTitle "CBM 195"]
[Source "ChessBase"]
[SourceDate "2020.04.30"]
[SourceVersion "1"]
[SourceVersionDate "2020.04.30"]
[SourceQuality "1"]

1. e4 c5 2. Nf3 d6 3. d4 cxd4 4. Nxd4 Nf6 5. Nc3 a6 6. h3 e6 7. g4 Nfd7 8. Be3
b5 9. a3 Bb7 10. g5 Be7 11. h4 Nc6 12. Qd2 Rc8 13. Nxc6 Rxc6 14. O-O-O O-O 15.
Kb1 Qc7 16. f3 Ne5 17. Rh3 Rc8 18. h5 Nc4 19. Bxc4 Rxc4 20. g6 Bf6 21. Qxd6
Rxc3 22. gxf7+ Kxf7 23. bxc3 Qxc3 24. Qd7+ Kg8 25. Qxe6+ Kh8 26. Qa2 Qxe3 27.
Qb3 Qxb3+ 28. cxb3 h6 29. Rd7 Bc6 30. Ra7 b4 31. a4 Be8 32. Rh1 Bc3 33. Rh2 Kg8
34. f4 Bc6 35. Re2 Re8 36. e5 Bf3 37. Re3 Bd4 38. Rxg7+ Kxg7 39. Rxf3 Rf8 40.
Kc2 Kh7 41. e6 Kg7 42. Kd3 Bc3 43. Rg3+ Kf6 44. Rg6+ Ke7 45. Ke4 Rf6 1/2-1/2

[Event "Moscow Aeroflot op-A"]
[Site "Moscow"]
[Date "2020.02.25"]
[Round "7"]
[White "Raja, Harshit"]
[Black "Sandipan, Chanda"]
[Result "1/2-1/2"]
[WhiteElo "2472"]
[BlackElo "2552"]
[PlyCount "50"]
[EventDate "2020.02.19"]
[EventType "swiss"]
[EventRounds "9"]
[EventCountry "RUS"]
[SourceTitle "CBM 195"]
[Source "ChessBase"]
[SourceDate "2020.04.30"]
[SourceVersion "1"]
[SourceVersionDate "2020.04.30"]
[SourceQuality "1"]

1. d4 e6 2. c4 f5 3. g3 Nf6 4. Bg2 g6 5. Nf3 Bg7 6. O-O O-O 7. Nc3 d5 8. Bf4 c6
9. Qc1 Re8 10. Rd1 Nbd7 11. Rb1 Ne4 12. b4 Nb6 13. Nxe4 fxe4 14. Ne5 Qe7 15. h4
Nd7 16. f3 Nxe5 17. dxe5 exf3 18. Bxf3 b5 19. c5 a5 20. a3 Rf8 21. Qe3 a4 22.
Kg2 Qc7 23. Bg4 Bd7 24. Rf1 Rf7 25. Rf3 Raf8 1/2-1/2

[Event "Moscow Aeroflot op-A"]
[Site "Moscow"]
[Date "2020.02.25"]
[Round "7"]
[White "Rakhmanov, Alexander"]
[Black "Cordova, Emilio"]
[Result "1-0"]
[WhiteElo "2645"]
[BlackElo "2593"]
[PlyCount "125"]
[EventDate "2020.02.19"]
[EventType "swiss"]
[EventRounds "9"]
[EventCountry "RUS"]
[SourceTitle "CBM 195"]
[Source "ChessBase"]
[SourceDate "2020.04.30"]
[SourceVersion "1"]
[SourceVersionDate "2020.04.30"]
[SourceQuality "1"]

1. c4 c5 2. g3 g6 3. Bg2 Bg7 4. Nc3 Nc6 5. b3 d6 6. Bb2 a6 7. d3 e5 8. e3 Nge7
9. Nge2 Rb8 10. Qd2 b5 11. Nd5 O-O 12. O-O a5 13. Rab1 Ba6 14. Rfc1 h5 15. Ba1
Kh7 16. Nec3 Nxd5 17. Bxd5 Ne7 18. Bg2 b4 19. Ne4 Nf5 20. a3 Bb7 21. Bb2 Qe7
22. Ra1 Bh6 23. Qe2 Rfc8 24. axb4 axb4 25. Ra7 Rc7 26. Rca1 Ng7 27. f4 Nf5 28.
Bh3 f6 29. Bg2 Bg7 30. Qf2 Nh6 31. h3 Kh8 32. d4 exd4 33. exd4 Bxe4 34. Rxc7
Qxc7 35. Bxe4 f5 36. Bd5 Re8 37. dxc5 Qxc5 38. Bxg7+ Kxg7 39. Ra7+ Kf8 40. Qxc5
dxc5 41. Kf2 Rc8 42. Ke3 Ng8 43. Be6 Rd8 44. Rf7+ Ke8 45. Rg7 Ne7 46. Rh7 Nc6
47. Bf7+ Kf8 48. Bxg6 Rd1 49. Rf7+ Kg8 50. Rxf5 h4 51. Rxc5 Ne7 52. Be4 Re1+
53. Kd4 Rd1+ 54. Ke3 Re1+ 55. Kf3 Rc1 56. gxh4 Rc3+ 57. Kg4 Rxb3 58. Rb5 Kg7
59. Rb7 Kf6 60. Rb6+ Kg7 61. f5 Ng8 62. Rg6+ Kf8 63. f6 1-0

[Event "Moscow Aeroflot op-A"]
[Site "Moscow"]
[Date "2020.02.25"]
[Round "7"]
[White "Riazantsev, Alexander"]
[Black "Aryan, Chopra"]
[Result "1/2-1/2"]
[WhiteElo "2639"]
[BlackElo "2562"]
[PlyCount "46"]
[EventDate "2020.02.19"]
[EventType "swiss"]
[EventRounds "9"]
[EventCountry "RUS"]
[SourceTitle "CBM 195"]
[Source "ChessBase"]
[SourceDate "2020.04.30"]
[SourceVersion "1"]
[SourceVersionDate "2020.04.30"]
[SourceQuality "1"]

1. d4 Nf6 2. c4 g6 3. Nc3 d5 4. cxd5 Nxd5 5. e4 Nxc3 6. bxc3 Bg7 7. Bc4 c5 8.
Ne2 Nc6 9. Be3 O-O 10. O-O e6 11. dxc5 Qa5 12. Bb3 b6 13. cxb6 axb6 14. Nd4 Bb7
15. Nxc6 Bxc6 16. Qc2 Rfc8 17. Rac1 Bb5 18. c4 Bxc4 19. Bxc4 b5 20. Qe2 bxc4
21. Rxc4 Rxc4 22. Qxc4 Qxa2 23. Qxa2 Rxa2 1/2-1/2

[Event "Moscow Aeroflot op-A"]
[Site "Moscow"]
[Date "2020.02.25"]
[Round "7"]
[White "Sadhwani, Raunak"]
[Black "Basso, Pier Luigi"]
[Result "1-0"]
[WhiteElo "2522"]
[BlackElo "2600"]
[PlyCount "153"]
[EventDate "2020.02.19"]
[EventType "swiss"]
[EventRounds "9"]
[EventCountry "RUS"]
[SourceTitle "CBM 195"]
[Source "ChessBase"]
[SourceDate "2020.04.30"]
[SourceVersion "1"]
[SourceVersionDate "2020.04.30"]
[SourceQuality "1"]

1. f4 d5 2. Nf3 g6 3. g3 Bg7 4. Bg2 Nh6 5. O-O Nf5 6. e3 c6 7. Qe1 h5 8. d3 h4
9. g4 h3 10. Bh1 Nh6 11. g5 Nf5 12. d4 Nd6 13. Nbd2 Bf5 14. Qd1 f6 15. b3 Na6
16. a3 Nf7 17. Re1 fxg5 18. Nf1 gxf4 19. exf4 Nc5 20. Ng3 Ne4 21. Nxe4 dxe4 22.
Ne5 c5 23. Bb2 Rh4 24. Bxe4 Bxe4 25. Rxe4 Qd5 26. Qe2 Bxe5 27. c4 Qc6 28. d5
Qf6 29. Bxe5 Qf5 30. Bc3 Kf8 31. Kh1 Rg4 32. Rg1 Rxg1+ 33. Kxg1 Re8 34. Re3 b5
35. Be5 bxc4 36. bxc4 Kg8 37. Qd3 Nxe5 38. Qxf5 Nf3+ 39. Rxf3 gxf5 40. Rxh3 Rb8
41. Re3 Kf7 42. Re5 Rb1+ 43. Kf2 Rc1 44. Rxf5+ Kg6 45. Re5 Rxc4 46. Rxe7 Rxf4+
47. Ke3 Rd4 48. Rxa7 Rxd5 49. Ra4 Rd1 50. h4 Kf5 51. Rc4 Rh1 52. a4 Ke6 53. a5
Kd7 54. Ra4 Kc7 55. a6 Kb8 56. a7+ Ka8 57. Kf3 Rc1 58. Ke4 Rd1 59. Ke5 Rd8 60.
Rc4 Rh8 61. Kd6 Rh5 62. Ra4 Rf5 63. Kc6 c4 64. Rxc4 Kxa7 65. Rb4 Re5 66. Rb5
Re1 67. h5 Ka6 68. Rb6+ Ka5 69. Rb5+ Ka6 70. Rg5 Rc1+ 71. Kd7 Kb7 72. h6 Rc7+
73. Ke8 Kc6 74. Rh5 Rh7 75. Kf8 Kd6 76. Kg8 Re7 77. h7 1-0

[Event "Moscow Aeroflot op-A"]
[Site "Moscow"]
[Date "2020.02.25"]
[Round "7"]
[White "Sarana, Alexey"]
[Black "Idani, Pouya"]
[Result "1/2-1/2"]
[WhiteElo "2656"]
[BlackElo "2577"]
[PlyCount "56"]
[EventDate "2020.02.19"]
[EventType "swiss"]
[EventRounds "9"]
[EventCountry "RUS"]
[SourceTitle "CBM 195"]
[Source "ChessBase"]
[SourceDate "2020.04.30"]
[SourceVersion "1"]
[SourceVersionDate "2020.04.30"]
[SourceQuality "1"]

1. e4 c5 2. Nf3 d6 3. d4 cxd4 4. Nxd4 Nf6 5. Nc3 a6 6. Be3 e5 7. Nf3 Qc7 8. Be2
Be7 9. a4 h6 10. O-O Be6 11. a5 Qc6 12. Nd2 Nbd7 13. Bf3 O-O 14. Qe2 Rac8 15.
Rfd1 Rfe8 16. Nf1 Nf8 17. Ng3 N8d7 18. Rd2 Bf8 19. h4 Qc7 20. Qd1 b5 21. axb6
Nxb6 22. b3 Qb7 23. Na4 Nxa4 24. Rxa4 Bd7 25. Ra2 Bc6 26. Qe2 Nxe4 27. Nxe4
Bxe4 28. Bxe4 Qxe4 1/2-1/2

[Event "Moscow Aeroflot op-A"]
[Site "Moscow"]
[Date "2020.02.25"]
[Round "7"]
[White "Sargissian, Gabriel"]
[Black "Sychev, Klementy"]
[Result "1/2-1/2"]
[WhiteElo "2689"]
[BlackElo "2563"]
[PlyCount "101"]
[EventDate "2020.02.19"]
[EventType "swiss"]
[EventRounds "9"]
[EventCountry "RUS"]
[SourceTitle "CBM 195"]
[Source "ChessBase"]
[SourceDate "2020.04.30"]
[SourceVersion "1"]
[SourceVersionDate "2020.04.30"]
[SourceQuality "1"]

1. d4 Nf6 2. c4 e6 3. Nc3 Bb4 4. e3 O-O 5. Bd2 b6 6. Nf3 Bb7 7. Bd3 d6 8. a3
Bxc3 9. Bxc3 Ne4 10. Bxe4 Bxe4 11. O-O Nd7 12. Nd2 Bb7 13. e4 f5 14. Qe2 fxe4
15. Nxe4 Qh4 16. f3 Rae8 17. Rfe1 Rf5 18. Qf2 Qh6 19. Ng3 Rf7 20. a4 Nf6 21.
Qd2 Qg6 22. d5 e5 23. f4 exf4 24. Qxf4 Ref8 25. Bxf6 Rxf6 26. Qe4 Qh6 27. Rf1
Qg6 28. Qxg6 Rxg6 29. Nf5 Rgf6 30. Nd4 Rxf1+ 31. Rxf1 Rxf1+ 32. Kxf1 Bc8 33. b4
Bd7 34. a5 Kf7 35. a6 Kf6 36. Ke2 Ke5 37. Ke3 b5 38. Nf3+ Kf6 39. Kd4 g5 40. c5
Bc8 41. Nd2 h6 42. Ne4+ Ke7 43. c6 Bxa6 44. Nc3 Kf6 45. Ke4 Kg6 46. g4 Kf6 47.
h3 Kg6 48. Kd4 Kf7 49. Ke4 Kg6 50. Kd4 Kf7 51. Ke4 1/2-1/2